Fade to Black (Metallica) -- Lyrics Quiz - Statistics

General Stats
  • This quiz has been taken 1,632 times
  • The average score is 15 of 20
Answer Stats
Hint Answer % Correct
Life, it seems, will ____ _____ fade away
98%
I have lost the ___ __ ___ will to live
93%
Getting ____ within myself lost
91%
Nothing matters, __ ___ ___ no one else
91%
Simply ______ ____ to give nothing more
90%
There is nothing more ___ ___ for me
88%
Things not what they ___ __ __ used to be
86%
Need ___ ___ to set me free the end
80%
_____ ______ every day Drifting further
76%
_______ is filling me Emptiness
75%
Cannot stand this ___ I feel hell
75%
Missing ____ inside of me one
74%
I was ____, but now he's gone me
71%
To the ____ __ ____ point of agony
71%
Death greets me warm, now I will just ___ _______ say goodbye
63%
Now I can't think, think why I should ____ ___ even try
55%
No one but me can ____ ______, but it's too late save myself
55%
Yesterday seems as though it _____ _______ never existed
54%
Growing _______ taking _____ darkness, dawn
49%
______ ____, this can't be real Deathly lost
39%
No matching quizzes found
Score Distribution
Percent of People with Each Score
Percentile by Number Answered
Your Score History
You have not taken this quiz